000 00994nam a22003257a 4500
003 CHAP
005 20220329132933.0
008 971013s1986 r 00010 d
010 _a424
011 _a1396
035 _a572
040 _cCHAP
082 _a633.61
_bS5
100 0 0 _aSivanesan, A.
_9106801
245 _aSugarcane diseases
260 _a[London?] :
_bCommonwealth Mycological Institute,
_c1986
300 _a88 p.
_b: ilus.
490 _aPhytopathoogical paper
_v; 29
500 _a36-137
590 _aBATCH-UPD
_b10
_c20130110
_lUCH01
_h1612
590 _aBATCH-UPD
_b10
_c20130410
_lUCH01
_h1007
590 _aBATCH-UPD
_b10
_c20130914
_lUCH01
_h0834
590 _aCONVERSION
_b10
_c20130109
_lUCH01
_h1302
650 1 4 _aCaña de azúcar
_xEnfermedades.
_918598
700 0 _aWaller, J. M.
_9120931
830 0 _aPhytopathoogical paper
_v; 29
_987914
901 _aBK
942 _cLIBRO
949 _a633.61 S5
_bBC
_cLIBRO
_d33724000196242
_eLIBRO
_gI. 148605
_h76842
_i572
_si
_t90.20
999 _c424
_d424